5 constructeurs de rollercoaster - Statistiques

Statistiques générales
  • Ce quiz a été pris 13 fois
  • Le résultat moyen est 4 sur 5
Statistiques - réponses
Réponse % Correct
intamin
91%
mack ride
82%
Gerstlauer
73%
vekoma
73%
Bolliger & Mabillard
55%
Aucun quiz correspondant
Distribution des résultats
% des personnes avec chaque résultat
Percentile par nombre de réponses
Votre historique - résultats
Vous n’avez pas pris ce quiz